00522nam a2200169Ia 4500008004100000020001800041040001800059041000800077100003400085245005300119260005700172300001800229650002300247650002600270650002300296650003300319130821s1982 sp gr spa  a84 261 5716 5 aCo-BoUCMbspa00aspa1 aCalderón de la Barca, Pedro13aLa vida es sueñocPedro Calderón De La Barca aBarcelona (España)bEditorial Juventud, S.A.c1982 a183 páginas aComedia española aLiteratura española aLiteratura europea aTeatro españolySiglo XVII